Love saves the day : la storia della "dance music culture" americana, 1970 - 1979 /

Gardado en:
Detalles Bibliográficos
Autor Principal: Lawrence, Tim (Author)
Outros autores: Ranieri, Giovanni
Formato: Libro
Idioma:Lingua italiana
Publicado: Roma : Key note multimedia, 2005
Tags: Engadir etiqueta
Sen Etiquetas, Sexa o primeiro en etiquetar este rexistro!

MARC

LEADER 00000nam a22000007i 4500
001 IT\ICCU\UBO\2938494
003 ItRI
005 20260115232353.0
008 060321s2005 it |||||| ||||| |||||c
040 |b ita  |c importazione bologna sebina 
041 7 |a ita  |2 ISO-639-2 
100 1 |a Lawrence, Tim  |0 IT\ICCU\UBOV\022311  |4 aut 
245 1 0 |a Love saves the day :  |b la storia della "dance music culture" americana, 1970 - 1979 /  |c Tim Lawrence ; traduzione a cura di Giovanni Ranieri. 
260 |a Roma :  |b Key note multimedia,  |c 2005 
300 |a XXVII, 484 p. :  |b ill. ;  |c 24 cm. 
700 1 |a Ranieri, Giovanni  |0 IT\ICCU\UBOV\022314 
942 |2 ddc  |c BK  |n 0 
952 |0 0  |1 0  |4 0  |6 DOC_306_484000000000000_LAW  |7 0  |9 24975  |a BO  |b BO  |d 2026-01-15  |i 9641  |l 0  |o DOC 306.484 LAW  |p BO9641  |r 2026-01-15 23:23:53  |w 2026-01-15  |x [Sebina 5] [1 v.]  |y BK  |z 1 v. 
999 |c 21220  |d 21220